[Event "10° Torneo Internazionale"]
[Site "?"]
[Date "2025.09.06"]
[Round "2"]
[White "Borgiani, Flavio"]
[Black "Faini, Marco"]
[Result "1-0"]
[WhiteElo "2012"]
[BlackElo "1981"]
[PlyCount "85"]
[EventDate "2025.??.??"]
[SourceVersionDate "2025.09.09"]

1. Nf3 d5 2. d4 Nf6 3. c4 e6 4. Nc3 b6 5. cxd5 Nxd5 6. e4 Nxc3 7. bxc3 Bb7 8. Bb5+ c6 9. Bd3 Nd7 10. O-O Be7 11. e5 c5 12. Qe2 cxd4 13. cxd4 Rc8 14. Bb2 O-O 15. Rac1 Nb8 16. Rxc8 Qxc8 17. Rc1 Qd7 18. Be4 Rc8 19. Bc2 Bxf3 20. gxf3 g6 21. Rd1 Nc6 22. d5 exd5 23. Bb3 Qf5 24. Bxd5 Nd8 25. Qe4 Qxe4 26. Bxe4 Ne6 27. Rd7 Rc7 28. Rxc7 Nxc7 29. f4 Kf8 30. Kg2 Bc5 31. f5 Ke7 32. f4 Na6 33. a3 Nc7 34. Bd3 Nd5 35. Kf3 Nc7 36. f6+ Kf8 37. Bc1 Nd5 38. a4 a5 39. f5 Kg8 40. Bc4 Nc7 41. e6 fxe6 42. fxe6 Kf8 43. Bh6+ 1-0